Database systems : (Record no. 12114)
[ view plain ]
| 000 -LEADER | |
|---|---|
| fixed length control field | 00738cam a22002292 4500 |
| 001 - CONTROL NUMBER | |
| control field | 0000019856 |
| 005 - DATE AND TIME OF LATEST TRANSACTION | |
| control field | 20151217155227.0 |
| 008 - FIXED-LENGTH DATA ELEMENTS--GENERAL INFORMATION | |
| fixed length control field | 110222s xx 000 0 eng d |
| 020 ## - INTERNATIONAL STANDARD BOOK NUMBER | |
| International Standard Book Number | 0132144988 : |
| 040 ## - CATALOGING SOURCE | |
| Original cataloging agency | KABU |
| Transcribing agency | KABU |
| 100 1# - MAIN ENTRY--PERSONAL NAME | |
| Personal name | Elmasri, Ramez. |
| -- | 0000148410 |
| 245 10 - TITLE STATEMENT | |
| Title | Database systems : |
| Remainder of title | models, languages, design, and application programming / |
| Statement of responsibility, etc. | Navathe, Shamkant B. Navathe. |
| 250 ## - EDITION STATEMENT | |
| Edition statement | 6th ed. |
| 260 ## - PUBLICATION, DISTRIBUTION, ETC. (IMPRINT) | |
| Place of publication, distribution, etc. | Boston : |
| Name of publisher, distributor, etc. | Pearson, |
| Date of publication, distribution, etc. | 2011. |
| 300 ## - PHYSICAL DESCRIPTION | |
| Extent | xxv, 1155 p. |
| 650 #0 - SUBJECT ADDED ENTRY--TOPICAL TERM | |
| Topical term or geographic name as entry element | Database management. |
| -- | 0000148184 |
| 650 #0 - SUBJECT ADDED ENTRY--TOPICAL TERM | |
| Topical term or geographic name as entry element | Database design. |
| -- | 0000148441 |
| 700 1# - ADDED ENTRY--PERSONAL NAME | |
| Personal name | Navathe, Shamkant B. |
| -- | 0000148411 |
| 852 1# - LOCATION | |
| -- | p6498.70 KES |
| 908 ## - PUT COMMAND PARAMETER (RLIN) | |
| Put command parameter | 110222 |
| 950 ## - LOCAL HOLDINGS (RLIN) | |
| -- | 1 |
| Withdrawn status | Lost status | Source of classification or shelving scheme | Not for loan | Home library | Current library | Date acquired | Total Checkouts | Total Renewals | Full call number | Barcode | Date last seen | Date last checked out | Price effective from | Koha item type |
|---|---|---|---|---|---|---|---|---|---|---|---|---|---|---|
| Library of Congress Classification | Kabarak, Main Campus | Kabarak, Main Campus | 17/12/2015 | 15 | 1 | QA76.9 .D3E46 2011 c.1 | 22307 | 15/02/2022 | 29/01/2022 | 17/12/2015 | General Collection |